Every city in San Juan, Argentina - Statistics

General Stats
  • This quiz has been taken 88 times
  • The average score is 12 of 82
Answer Stats
City: Population: % Correct
San Juan 109,123
100%
Rawson 109,424
86%
Santa Lucía 48,087
71%
Caucete 28,222
57%
Chimbas 87,258
57%
El Encón 524
57%
Iglesia 661
57%
Rivadavia 82,582
57%
Calingasta 2,198
43%
9 de Julio 3,484
29%
Rodeo 2,625
29%
San José de Jáchal 10,940
29%
Tamberías 988
29%
Tamberías 622
29%
Villa Aberastain 15,409
29%
Villa Independencia 823
29%
Villa San Agustín 4,423
29%
Astica 740
14%
Balde del Rosario 93
14%
Barreal 3,463
14%
Barrio Ruta 40 231
14%
Barrio Sadop 734
14%
Bella Vista 325
14%
Huaco 1,454
14%
Las Flores 906
14%
Los Baldecitos 53
14%
Los Berros 3,783
14%
Marayes 99
14%
Mogna 114
14%
Pie de Palo 817
14%
Tudcum 699
14%
Vallecito 404
14%
Villa Barboza 24,240
14%
Villa Basilio Nievas 4,539
14%
Villa Bolaños 520
14%
Villa Borjas 5,275
14%
Villa Dominguito 619
14%
Villa General San Martín 22,046
14%
Villa Ibáñez 4,421
14%
Villa Media Agua 7,983
14%
Villa Mercedes 1,439
14%
Villa San Martín 1,899
14%
Alto de Sierra 499
0%
Angualasto 316
0%
Barrio Justo P. Castro IV 589
0%
Barrio Municipal 973
0%
Bermejo 484
0%
Cañada Honda 309
0%
Carpintería 1,134
0%
Chucuma 123
0%
Cienaguita 438
0%
Colonia Fiorito 384
0%
Colonia Fiscal 607
0%
Divisadero 413
0%
Dos Acequias 972
0%
El Médano 96
0%
El Rincón 1,252
0%
El Rincón 553
0%
Gran China 484
0%
Guanacache 200
0%
Las Chacritas 2,760
0%
Las Lagunas 298
0%
Las Piedritas 588
0%
Las Talas 805
0%
Las Tapias 1,563
0%
Niquivil 819
0%
Pampa Vieja 740
0%
Pedernal 537
0%
Pismanta 98
0%
Punta del Médano 576
0%
Quinto Cuartel 1,661
0%
San Isidro 1,440
0%
San Isidro 408
0%
Tupelí 1,169
0%
Usno 339
0%
Villa Centenario 778
0%
Villa del Salvador 110
0%
Villa Don Bosco 2,557
0%
Villa El Salvador 4,472
0%
Villa El Tango 1,367
0%
Villa Malvinas Argentinas 340
0%
Villa Santa Rosa 3,460
0%
No matching quizzes found
Score Distribution
Percent of People with Each Score
Percentile by Number Answered
Your Score History
You have not taken this quiz